| 000 | 00599nam a22002177a 4500 | ||
|---|---|---|---|
| 001 | 11502 | ||
| 003 | BD-RjUL | ||
| 005 | 20211208235134.0 | ||
| 008 | 140127s1997 xxu||||| |||| 00| 0 eng d | ||
| 020 | _a8174885595 | ||
| 035 | _a(BD-RjUL)11551 | ||
| 040 |
_aBD-RjUL _beng _cBD-RjUL _dBD-RjUL |
||
| 041 | _aeng | ||
| 082 |
_219 _a 541.393 _bARS 1997 |
||
| 100 | 1 |
_aArora, M. G. _935578 |
|
| 245 |
_aStereochemistry in organic compounds / _cM. G. Arora. |
||
| 260 |
_aNew Delhi : _bAnmol publication, _c1997. |
||
| 300 |
_a88 p. ; _c21 cm. |
||
| 650 | 7 |
_a Stereochemistry. _935579 |
|
| 942 |
_2ddc _cBK |
||
| 999 |
_c11502 _d11502 |
||